Русский язык и культура речи: учебное пособие

Bibliographic Details
Main Author: Введенская Л. А. Людмила Алексеевна
Other Authors: Павлова Л. Г. Людмила Григорьевна, Кашаева Е. Ю. Елена Юрьевна
Summary:В пособии описываются основные свойства современного русского литературного языка, рассматриваются различные аспекты речевой культуры (нормативный, коммуникативный, этический), говорится об организации эффективной речевой коммуникации, излагаются основы ораторского искусства, характеризуются особенности официально-деловой письменной речи. Значительное место в пособии занимает Практикум, содержащий задания для самостоятельной работы. В Приложении даются акцентологический, орфографический, словарный минимумы, аннотированный список лингвистических словарей и справочников, материалы по деловому письму. Пособие подготовлено с учетом требований Государственного образовательного стандарта высшего профессионального образования (утверждены в феврале 2000 г.). Предназначено для студентов вузов нефилологического профиля. Может быть использовано на курсах повышения квалификации специалистов, а также при проведении занятий в школах, лицеях, гимназиях. Представляет интерес для широкого круга читателей.
Language:Russian
Published: Ростов-на-Дону, Феникс, 2009
Edition:26-е изд.
Series:Высшее образование
Subjects:
Format: Book
KOHA link:https://koha.lib.tpu.ru/cgi-bin/koha/opac-detail.pl?biblionumber=158265

MARC

LEADER 00000nam0a2200000 4500
001 158265
005 20231101222026.0
010 |a 9785222151150 
035 |a (RuTPU)RU\TPU\book\171646 
035 |a RU\TPU\book\158653 
090 |a 158265 
100 |a 20090522d2009 m y0rusy50 ca 
101 0 |a rus 
102 |a RU 
105 |a y j 001zy 
200 1 |a Русский язык и культура речи  |e учебное пособие  |f Л. А. Введенская, Л. Г. Павлова, Е. Ю. Кашаева 
205 |a 26-е изд. 
210 |a Ростов-на-Дону  |c Феникс  |d 2009 
215 |a 539 с. 
225 1 |a Высшее образование 
320 |a Библиогр.: с. 497-501. 
330 |a В пособии описываются основные свойства современного русского литературного языка, рассматриваются различные аспекты речевой культуры (нормативный, коммуникативный, этический), говорится об организации эффективной речевой коммуникации, излагаются основы ораторского искусства, характеризуются особенности официально-деловой письменной речи. Значительное место в пособии занимает Практикум, содержащий задания для самостоятельной работы. В Приложении даются акцентологический, орфографический, словарный минимумы, аннотированный список лингвистических словарей и справочников, материалы по деловому письму. Пособие подготовлено с учетом требований Государственного образовательного стандарта высшего профессионального образования (утверждены в феврале 2000 г.). Предназначено для студентов вузов нефилологического профиля. Может быть использовано на курсах повышения квалификации специалистов, а также при проведении занятий в школах, лицеях, гимназиях. Представляет интерес для широкого круга читателей. 
451 1 |0 (RuTPU)RU\TPU\book\158653  |y 978-5-222-14722-1  |t Русский язык и культура речи  |o учебное пособие для вузов  |f Л. А. Введенская, Л. Г. Павлова, Е. Ю. Кашаева  |e 21-е изд.  |c Ростов-на-Дону  |n Феникс  |d 2008  |p 539 с.  |s Высшее образование  |a Введенская, Людмила Алексеевна 
606 1 |a Русский язык  |x Учебные руководства и пособия для высшей школы  |2 stltpush  |3 (RuTPU)RU\TPU\subj\26398  |9 50338 
606 1 |a Русский язык  |x Стилистика, перевод, культура речи  |2 stltpush  |3 (RuTPU)RU\TPU\subj\26396  |9 50336 
610 1 |a стилистика 
610 1 |a культура речи 
610 1 |a история 
610 1 |a язык 
610 1 |a устная речь 
610 1 |a литературный язык 
610 1 |a стили 
610 1 |a речевое общение 
610 1 |a ораторское искусство 
610 1 |a письменная речь 
610 1 |a деловое письмо 
610 1 |a практикумы 
610 1 |a учебные пособия 
686 |a Ш141.2-923.7  |v LBC/SL-A  |2 rubbk 
700 1 |a Введенская  |b Л. А.  |g Людмила Алексеевна 
701 1 |a Павлова  |b Л. Г.  |g Людмила Григорьевна 
701 1 |a Кашаева  |b Е. Ю.  |g Елена Юрьевна 
801 1 |a RU  |b 63413507  |c 20090421  |g PSBO 
801 2 |a RU  |b 63413507  |c 20150423  |g PSBO 
900 |a Русский язык и культура речи 
900 |a Устная и письменная научная речь 
942 |c BK 
952 |a 520000  |b 030000 
955 |d Русский язык и культура речи  |l 8 
959 |a 51/20090420  |d 7  |e 0  |f АНЛ:1  |f УФ:5  |f НФ:1